|
|
|
|
| LEADER |
01361nam a22002657a 4500 |
| 001 |
34200 |
| 003 |
BD-DhAAL |
| 005 |
20211125115920.0 |
| 008 |
190124t2006 bg l f001 0 eng d |
| 999 |
|
|
|c 40392
|d 40392
|
| 040 |
|
|
|a BD-DhAAL
|
| 082 |
0 |
0 |
|a 346.5492096
|2 21
|
| 245 |
0 |
0 |
|a The negotiable instruments act, 1881 /
|c Ministry of Law, Justice and Parliamentary Affairs, Government of the People's Republic of Bangladesh
|
| 260 |
|
|
|a Dhaka :
|b Deputy Controller, Govt. Print. Press,
|c 2006
|
| 300 |
|
|
|a 59 pages ;
|c 24 cm.
|
| 504 |
|
|
|a Includes bibliographical references.
|
| 541 |
|
|
|a Development Book Agency
|e 34200, 34201
|
| 650 |
|
0 |
|a Negotiable instruments
|z Bangladesh
|9 29769
|
| 650 |
|
0 |
|a Negotiable instruments
|9 29770
|
| 650 |
|
0 |
|a Law.
|9 43167
|
| 710 |
|
|
|a Government of the People's Republic of Bangladesh,
|b Justice and Parliamentary Affairs,
|b Ministry of Law
|9 29773
|
| 852 |
4 |
|
|a Ayesha Abed Library
|j General Stacks
|
| 942 |
|
|
|2 ddc
|c BK
|
| 952 |
|
|
|0 0
|1 0
|2 ddc
|4 0
|6 346_549209600000000_NEG
|7 0
|9 64919
|a BRACUL
|b BRACUL
|c GEN
|d 2019-01-06
|e Development Book Agency
|g 130.00
|l 0
|o 346.5492096 NEG
|p 3010034200
|r 2019-01-06
|t 1
|v 130.00
|w 2019-01-06
|y BK
|
| 952 |
|
|
|0 0
|1 4
|2 ddc
|4 0
|6 346_549209600000000_NEG
|7 0
|9 64920
|a BRACUL
|b BRACUL
|c GEN
|d 2019-01-06
|e Development Book Agency
|g 130.00
|l 0
|o 346.5492096 NEG
|p 3010034201
|r 2019-01-06
|t 2
|v 130.00
|w 2019-01-06
|y BK
|x Koha Inventory 2020
|